000 00536nam a2200217Ia 4500
999 _c66951
_d66951
003 0100
005 20181002091308.0
008 130303s9999 xx 000 0 und d
020 _a09780829427226
040 _cARRUPELIB
050 _aLC493.J388 2008
100 _aTraub, George W.
_912165
245 2 _aA Jesuit education reader
245 _bcontemporary writtings on the jesuit mission in education
260 _aChicago
260 _bLoyola Press
_c2008
300 _axv
300 _b 432p. 23cm.
650 _aJesuits
_xEducation
_97265
650 _aJesuits
_xUnited States
_942602
650 _aCatholic church
_xEducation
_922683
942 _2lcc
_04
_cMONOGRAPH